Paraguay : Sixth and Final Review Under the Stand-By Arrangement; Staff Report; Staff Statement; Press Release on the Executive Board Discussion; and Statement by the Executive Director for Paraguay.

This paper discusses key findings of the Sixth and Final Review Under the Stand-By Arrangement for Paraguay. The program remains broadly on track. All performance criteria for end-March 2008 were met, and those for end-June 2008 are expected to have been observed. With one exception, all structural...

Popoln opis

Bibliografske podrobnosti
Korporativna značnica: International Monetary Fund
Format: Revija
Jezik:English
Izdano: Washington, D.C. : International Monetary Fund, 2008.
Serija:IMF Staff Country Reports; Country Report ; No. 2008/268
Online dostop:Full text available on IMF
LEADER 01702cas a2200241 a 4500
001 AALejournalIMF005288
008 230101c9999 xx r poo 0 0eng d
020 |c 5.00 USD 
020 |z 9781451832563 
022 |a 1934-7685 
040 |a BD-DhAAL  |c BD-DhAAL 
110 2 |a International Monetary Fund. 
245 1 0 |a Paraguay :   |b Sixth and Final Review Under the Stand-By Arrangement; Staff Report; Staff Statement; Press Release on the Executive Board Discussion; and Statement by the Executive Director for Paraguay. 
264 1 |a Washington, D.C. :  |b International Monetary Fund,  |c 2008. 
300 |a 1 online resource (60 pages) 
490 1 |a IMF Staff Country Reports 
500 |a <strong>Off-Campus Access:</strong> No User ID or Password Required 
500 |a <strong>On-Campus Access:</strong> No User ID or Password Required 
506 |a Electronic access restricted to authorized BRAC University faculty, staff and students 
520 3 |a This paper discusses key findings of the Sixth and Final Review Under the Stand-By Arrangement for Paraguay. The program remains broadly on track. All performance criteria for end-March 2008 were met, and those for end-June 2008 are expected to have been observed. With one exception, all structural benchmarks for 2008 are expected to be implemented, albeit with delays. The economy grew 6 3/4 percent in 2007 and is expected to continue expanding at least 5 percent in 2008 driven by strong agricultural exports. 
538 |a Mode of access: Internet 
830 0 |a IMF Staff Country Reports; Country Report ;  |v No. 2008/268 
856 4 0 |z Full text available on IMF  |u http://elibrary.imf.org/view/journals/002/2008/268/002.2008.issue-268-en.xml  |z IMF e-Library